| 000 | 00862nam a2200229 a 4500 | ||
|---|---|---|---|
| 001 | 40566 | ||
| 003 | BD-RjUL | ||
| 005 | 20211209053236.0 | ||
| 008 | 160504s2009 bg ||||| |||| 00| 0 ben d | ||
| 020 | _cTk. 80.00 | ||
| 035 | _a(BD-RjUL)40681 | ||
| 040 |
_aBD-RjUL _bben _cBD-RjUL |
||
| 041 | _aben | ||
| 082 |
_223 _a297.14 _bISR 2009 |
||
| 100 |
_aইসলাম, মো: নূরুল _9124832 |
||
| 245 | 1 | 0 |
_aরাসুল (স.) এর জীবন দর্শন : _b সামাজিক প্রেক্ষিত _cমো: নূরুল ইসলাম |
| 260 |
_aঢাকা : _bমো: আব্দুল মান্নান, _c২০০৯ |
||
| 300 |
_a১১০ পৃ. ; _c২১ সেমি. |
||
| 650 |
_aইসলামী ধর্মীয় আইন _9124850 |
||
| 650 |
_aIslamic religious laws _9124851 |
||
| 942 |
_2ddc _cBK |
||
| 999 |
_c40566 _d40566 |
||